00690cam a22002171 450000100060000000300080000600500170001400800390003103500190007003500180008904000320010704100080013908200180014710000220016524500990018726000370028630000400032350400410036365000230040465100450042726816BD-RjUL20211209051054.0140223t1961 xx 001 0 eng a(BD-RjUL)26887 a(OCoLC)351755 aDLCcOTUdDLCdBD-RjULbeng aeng04a950bSYS 19611 aSyatauw, J. J. G.10aSome newly established Asian states and the development of international law /cJ.J.G. Syatauw aThe Hague :bM. Nijhoff,cc1961. axi, 249 p. :bill., maps. ;c24 cm. aBibliographical reference and index, 0aInternational law. 0aSoutheast AsiaxPolitics and government.